Κατάλογος Βιβλιοθηκών Mediterranean College

International Trade / Theory and Evidence (Record no. 4150)

MARC details
000 -LEADER
fixed length control field 01467cam a22002294a 4500
005 - ΗΜΕΡΟΜΗΝΙΑ ΚΑΙ ΩΡΑ ΤΕΛΕΥΤΑΙΑΣ ΕΝΗΜΕΡΩΣΗΣ
Πεδίο ελέγχου 20250605164138.0
008 - FIXED-LENGTH DATA ELEMENTS--GENERAL INFORMATION
Πεδίο ελέγχου σταθερού μήκους 250528s ||||||||||||||||||||||||d
035 ## - SYSTEM CONTROL NUMBER
System control number 18838
020 ## - ISBN
ISBN 7040447
040 ## - ΠΗΓΗ ΚΑΤΑΛΟΓΟΓΡΑΦΗΣΗΣ
Φορέας πρωτότυπης καταλογογράφησης MC Athens Campus Library
Γλώσσα καταλογογράφησης Ελληνικά, Μοντέρνα (1453-)
Modifying agency MC Athens Campus Library
Κανόνες περιγραφικής καταλογογράφησης AACR2
245 1# - ΤΙΤΛΟΣ ΚΑΙ ΔΗΛΩΣΗ ΥΠΕΥΘΥΝΟΤΗΤΑΣ
Τίτλος International Trade / Theory and Evidence
260 ## - PUBLICATION, DISTRIBUTION, ETC.
Name of publisher, distributor, etc. Mcgraw Hill, Inc,
Date of publication, distribution, etc. 1995
300 ## - PHYSICAL DESCRIPTION
Extent 472
520 ## - SUMMARY, ETC.
Summary, etc. Preface, Technical Concepts and the Gains from Trade, Introduction, Supply and Production Possibilities, Preferences and Demand and Welfare, General Equilibrium in Open and Closed Economies, The Gains from Trade, Cause and Consequences of Trade, The Causes of International Trade, Differences in Technology, The Heckscher-Ohlin Model, The Specific-Factors Model, Government Policies as Determinants of Trade, Imperfect Competition as a Determinant of Trade and the Gains from Trade, Empirical Studies of Comparative Advantage Models, Trade Policy, Tariffs, Quotas and Other Nontariff Barriers, Preferential Trade Areas, The Political Economy of Trade Policy, Administered Protection, Factor Trade and Growth and the Theory of Direct Foreign Investment, Trade in Factors of Production, Direct Foreign Investment and Multinational Firms, Factor Accumulation and Intertemporal Trade, Index.
700 1# - ΠΡΟΣΘΕΤΗ ΑΝΑΓΡΑΦΗ--ΦΥΣΙΚΟ ΠΡΟΣΩΠΟ
Personal name Kaempfer William H
9 (RLIN) 5105
700 1# - ΠΡΟΣΘΕΤΗ ΑΝΑΓΡΑΦΗ--ΦΥΣΙΚΟ ΠΡΟΣΩΠΟ
Personal name Markusen James R
9 (RLIN) 5106
700 1# - ΠΡΟΣΘΕΤΗ ΑΝΑΓΡΑΦΗ--ΦΥΣΙΚΟ ΠΡΟΣΩΠΟ
Personal name Maskus Keith E
9 (RLIN) 5107
700 1# - ΠΡΟΣΘΕΤΗ ΑΝΑΓΡΑΦΗ--ΦΥΣΙΚΟ ΠΡΟΣΩΠΟ
Personal name Melvin James R
9 (RLIN) 5108
942 ## - ADDED ENTRY ELEMENTS (KOHA)
Koha item type Books
Holdings
Τύπος τεκμηρίου Βιβλιοθήκη Τρέχουσα τοποθεσία Barcode Αριθμός εισαγωγής Ημερομηνία απόκτησης Ταξιθετικό σύμβολο Αριθμός αντιτύπου Κατάσταση απόσυρσης Κατάσταση χαμένου Κατάσταση κατεστραμμένου Μη δανεισμός Σύνολο δανεισμών Ημερομηνία τελευταίας εμφάνισης Η τιμή ισχύει από
Books MC Athens Campus Library MC Athens Campus Library 9780000041494 3752 05/06/2025 382 MAR 1           05/06/2025 05/06/2025

MC Athens Campus Library
Πατησίων 94 & Κοδριγκτώνος 13, 104 34
Πελλήνης 8 & Πατησίων 107, 112 51
Τ: +30 210 8899600

MC Thessaloniki Campus Library
Ίωνος Δραγούμη 21, 54625 | Ίωνος Δραγούμη 15, 54625
Τ: +30 2310 287779 – Τ: +30 2314 440300